Designing the user interface: strategies for effective human-computer interaction

Shranjeno v:
Bibliografske podrobnosti
Glavni avtor: Shneiderman, Ben (Author)
Format: Knjiga
Jezik:angleščina
Izdano: Reading Addison-Wesley 1998
Izdaja:3a. ed
Teme:
Oznake: Označite
Brez oznak, prvi označite!

MARC

LEADER 00000nam a2200000 a 4500
001 UCL2182
003 CL-VaPUC
008 031010e19980000US |||||||||||||||||eng|d
020 |a 0201694972 
082 0 4 |a 004.019  |b SHN  |2 21 
100 0 |a Shneiderman, Ben  |e author  |9 479226 
245 1 0 |a Designing the user interface: strategies for effective human-computer interaction 
250 |a 3a. ed 
300 |a 639 p 
942 |c BK 
945 |d 20031010 00:00:00  |a cmena 
260 |a Reading  |b Addison-Wesley  |c 1998 
650 0 |a Diseño de sistemas  |9 262363 
650 7 |a SISTEMAS COMPUTACIONALES INTERACTIVOS  |2 CL-VaPUC  |9 271342 
583 |a last modification  |c 20031010 00:00:00  |k Rodrigo Vera 
999 |c 305539  |d 305537 
952 |0 0  |1 0  |4 0  |6 004_019000000000000_SHN_1998  |7 0  |8 A  |9 369624  |a BIBING  |b BIBING  |d 2019-11-21  |i 3951936  |o 004.019 SHN 1998  |p 3951936  |r 2024-01-25  |w 2019-11-21  |y BK  |k CCI